| 000 | 00650nam a2200241Ia 4500 | ||
|---|---|---|---|
| 005 | 20250108125151.0 | ||
| 008 | 008 250107s9999 xx 000 0 eng d | ||
| 020 | _a978-93-5002-656-9 | ||
| 037 | _aTB | ||
| 040 |
_aCRL _beng _cCRL |
||
| 041 |
_asae _2eng |
||
| 084 | _aJ R1 | ||
| 084 | _qCRL | ||
| 100 |
_aPatel Gautam Ed. _940655 |
||
| 245 | 0 |
_aRajendryasobhusanam _cPatel Gautam Ed. |
|
| 260 |
_aVadodra, India _bEsh Nanavati Varma _c3520 |
||
| 300 | _axxviii,644p. | ||
| 365 |
_aINR _b7845 |
||
| 546 | _aTranslated from Sanskrit to English | ||
| 650 | _aSANSKRIT LITERATURE | ||
| 942 |
_cTB _hJ R1 |
||
| 999 |
_c1235908 _d1235908 |
||